[Event "Münster 3- Katernberg 3"]
[Site "?"]
[Date "2023.09.10"]
[Round "1.3"]
[White "Gallas, Noel"]
[Black "Baumann, Stephan"]
[Result "1-0"]
[WhiteElo "1892"]
[BlackElo "2073"]
[PlyCount "81"]
[EventDate "2023.??.??"]

1. e4 e5 2. Nc3 Nf6 3. g3 d5 4. exd5 Nxd5 5. Bg2 Nxc3 6. bxc3 Bc5 7. Rb1 c6 8. Nf3 e4 9. Nd4 O-O 10. Bb2 Nd7 11. O-O Nf6 12. h3 Qc7 13. Kh2 h5 14. Nb3 Bd6 15. c4 Be5 16. d4 exd3 17. Bxe5 Qxe5 18. cxd3 h4 19. d4 Qc7 20. Qf3 Be6 21. Rfc1 Rab8 22. Nc5 Qd6 23. Nxe6 Qxe6 24. d5 cxd5 25. cxd5 Qd6 26. Qe3 Qa6 27. Rb2 Rbd8 28. Qd4 Rd7 29. Qxh4 Nxd5 30. Rd1 Rfd8 31. Bxd5 Rxd5 32. Qxd8+ Rxd8 33. Rxd8+ Kh7 34. Rd7 b5 35. Rxf7 Qb6 36. Rd2 a5 37. Rdd7 Kh8 38. Kg1 b4 39. Rxg7 a4 40. Rge7 Qb8 41. Rh7+ 1-0

[Event "Münster 3- Katernberg 3"]
[Site "?"]
[Date "2023.09.10"]
[Round "1.4"]
[White "Wieder, Heiner"]
[Black "Geerlings, Gerd"]
[Result "1/2-1/2"]
[WhiteElo "2076"]
[BlackElo "2320"]
[PlyCount "57"]
[EventDate "2023.??.??"]

1. e4 c5 2. Nf3 Nf6 3. e5 Nd5 4. d4 cxd4 5. c3 e6 6. cxd4 Nc6 7. Bd3 Ndb4 8. Be2 d6 9. a3 Nd5 10. Bd3 Qc7 11. O-O dxe5 12. dxe5 Nxe5 13. Nxe5 Qxe5 14. Bb5+ Kd8 15. Re1 Qd6 16. Qf3 Bd7 17. Bc4 Rc8 18. Bxd5 Qxd5 19. Qxd5 exd5 20. Be3 Bc5 21. Bf4 Be6 22. Nc3 Kd7 23. Red1 Rhd8 24. Nxd5 Bxd5 25. Rxd5+ Ke8 26. Re1+ Kf8 27. Red1 Rxd5 28. Rxd5 Ke8 29. Kf1 1/2-1/2

[Event "Münster 3- Katernberg 3"]
[Site "?"]
[Date "2023.09.10"]
[Round "1.5"]
[White "Sauer, Bernd"]
[Black "Seegers, Hendrik"]
[Result "1-0"]
[WhiteElo "1857"]
[BlackElo "2117"]
[PlyCount "93"]
[EventDate "2023.??.??"]

1. b4 e6 2. Bb2 Nf6 3. b5 d5 4. e3 Be7 5. Nf3 O-O 6. Be2 c5 7. O-O a6 8. a4 axb5 9. axb5 Rxa1 10. Bxa1 Nbd7 11. d3 Ne8 12. Nbd2 Nd6 13. c4 b6 14. Qc2 Bb7 15. Ne5 f6 16. Nc6 Qe8 17. Bf3 Kh8 18. cxd5 exd5 19. Bxd5 Nb8 20. Nxe7 Qxe7 21. Bxb7 Qxb7 22. Rb1 Nd7 23. Nc4 Qd5 24. Nxd6 Qxd6 25. Qc4 Ne5 26. Bxe5 Qxe5 27. d4 cxd4 28. exd4 Qe4 29. Rc1 Rd8 30. h3 h6 31. Rd1 Rd6 32. Qb4 Rd5 33. Re1 Qf5 34. g4 Qc8 35. Kg2 h5 36. f3 Qd8 37. Rd1 h4 38. f4 Qe8 39. Re1 Qa8 40. Kf2 Qb8 41. Kf3 Qd8 42. Re4 Kh7 43. Qe1 f5 44. Re8 fxg4+ 45. hxg4 Qf6 46. Qe4+ Qg6 47. Rh8+ 1-0

[Event "Münster 3- Katernberg 3"]
[Site "?"]
[Date "2023.09.10"]
[Round "1.6"]
[White "Ollech, Dirk"]
[Black "Huettemann, Karl-Heinz"]
[Result "1/2-1/2"]
[WhiteElo "1933"]
[BlackElo "2040"]
[PlyCount "31"]
[EventDate "2023.??.??"]

1. e4 c5 2. Nc3 a6 3. Nf3 e6 4. g3 Nc6 5. Bg2 g6 6. d4 cxd4 7. Nxd4 Bg7 8. Be3 Nge7 9. Nde2 b5 10. O-O Ne5 11. Bc5 d6 12. Bxd6 Nc4 13. e5 Ra7 14. Qc1 Nxd6 15. Rd1 Rd7 16. exd6 1/2-1/2

[Event "Münster 3- Katernberg 3"]
[Site "?"]
[Date "2023.09.10"]
[Round "1.7"]
[White "Mamikonyan, Davit"]
[Black "Meyer, Ulrich"]
[Result "0-1"]
[WhiteElo "1890"]
[BlackElo "1866"]
[PlyCount "68"]
[EventDate "2023.??.??"]

1. c4 e5 2. g3 Nc6 3. Bg2 g6 4. Nc3 Bg7 5. e4 d6 6. Nge2 Be6 7. d3 Qd7 8. O-O h5 9. h4 Nge7 10. Nd5 O-O 11. Bh6 f6 12. Bxg7 Kxg7 13. f4 Bg4 14. Bf3 Bxf3 15. Rxf3 Nxd5 16. cxd5 Ne7 17. d4 Qg4 18. Kg2 f5 19. Qc2 fxe4 20. Qxe4 Nf5 21. Kf2 Rae8 22. dxe5 dxe5 23. Qc2 exf4 24. Nxf4 Qxf3+ 25. Kxf3 Nd4+ 26. Kf2 Nxc2 27. Rc1 Nd4 28. Rxc7+ Rf7 29. Rc4 Ne2 30. Kf3 Nxf4 31. gxf4 Rd7 32. a3 Kf6 33. Rc5 Rd6 34. Rc7 Re7 0-1

[Event "Münster 3- Katernberg 3"]
[Site "?"]
[Date "2023.09.10"]
[Round "1.8"]
[White "Wingenfeld, Klaus"]
[Black "Schmitz, Edgar"]
[Result "1/2-1/2"]
[WhiteElo "1823"]
[BlackElo "1899"]
[PlyCount "74"]
[EventDate "2023.??.??"]

1. d4 Nf6 2. Bf4 d5 3. e3 c5 4. c3 Nc6 5. Nd2 e6 6. Bd3 Be7 7. Ngf3 a6 8. Ne5 Bd7 9. h4 h5 10. Qf3 Qb6 11. Rb1 Nxe5 12. dxe5 Ng4 13. Qe2 Qc7 14. Nf3 Bc6 15. O-O Rd8 16. Rfd1 b5 17. Rbc1 g6 18. e4 Qb7 19. exd5 Bxd5 20. c4 Bc6 21. cxb5 axb5 22. b3 Nh6 23. Bg5 Rd5 24. Qe3 Ng4 25. Qe2 Bxg5 26. hxg5 O-O 27. Re1 Rfd8 28. Be4 R5d7 29. Rxc5 Bxe4 30. Qxe4 Qb6 31. Rc2 Rd2 32. Rxd2 Rxd2 33. Nxd2 Qxf2+ 34. Kh1 Qh4+ 35. Kg1 Qf2+ 36. Kh1 Qh4+ 37. Kg1 Qf2+ 1/2-1/2

[Event "Katernberg 3- Gütersloh"]
[Site "?"]
[Date "2023.10.22"]
[Round "2.1"]
[White "Plaßmann, Dominik"]
[Black "Krueger, Erich"]
[Result "1-0"]
[WhiteElo "2133"]
[BlackElo "2187"]
[PlyCount "61"]
[EventDate "2023.??.??"]

1. e4 c6 2. d4 d5 3. e5 Bf5 4. h4 h5 5. Bd3 Bxd3 6. Qxd3 Qa5+ 7. b4 Qa6 8. e6 Qxd3 9. cxd3 fxe6 10. Nd2 Na6 11. Ndf3 Nh6 12. Bg5 Nf5 13. Rb1 g6 14. Nh3 Bg7 15. Be3 Nxe3 16. fxe3 Bh6 17. Ke2 O-O 18. Ne5 Kh7 19. g4 Nc7 20. Rbg1 hxg4 21. Rxg4 Rf6 22. Ng5+ Kg8 23. h5 Raf8 24. Ngf3 g5 25. Rh2 Rf5 26. Rhg2 Kh7 27. e4 dxe4 28. dxe4 Rf4 29. Nxg5+ Bxg5 30. Rxg5 Rxe4+ 31. Kd3 1-0

[Event "Katernberg 3- Gütersloh"]
[Site "?"]
[Date "2023.10.22"]
[Round "2.2"]
[White "Rosen, Willy"]
[Black "Ebert, Manuel"]
[Result "0-1"]
[WhiteElo "2105"]
[BlackElo "2116"]
[PlyCount "126"]
[EventDate "2023.??.??"]

1. e4 c5 2. Nc3 a6 3. f4 b5 4. d3 Bb7 5. Nf3 e6 6. Qe2 b4 7. Nd1 Nf6 8. Ne3 Be7 9. g3 d5 10. exd5 Nxd5 11. Bg2 O-O 12. O-O Nc6 13. Nc4 Qc7 14. Nce5 Rac8 15. Bd2 Nd4 16. Nxd4 cxd4 17. Rac1 Rfe8 18. h4 Bd6 19. Nc4 Bc5 20. Kh2 a5 21. Rce1 Ba6 22. f5 Bxc4 23. dxc4 Ne3 24. Bxe3 dxe3 25. fxe6 Rxe6 26. Bd5 Re7 27. Rf3 Kh8 28. Qd3 Rce8 29. Re2 f6 30. b3 Re5 31. Kg2 Qe7 32. Rf5 g6 33. Rxe5 Qxe5 34. Bc6 Re7 35. Qd5 Kg7 36. Qxe5 Rxe5 37. Kf3 h5 38. Be4 g5 39. hxg5 fxg5 40. Bd3 Re8 41. Rh2 g4+ 42. Ke2 Kh6 43. Rh1 Rf8 44. Rf1 Rf2+ 45. Rxf2 exf2 46. Kf1 Kg5 47. Kg2 h4 48. gxh4+ Kxh4 49. Be2 g3 50. Bd3 Kg4 51. Be2+ Kf4 52. Bd3 Bd6 53. Bf1 Ke3 54. Bd3 Kd2 55. Kf1 Kc3 56. Kg2 Kb2 57. c5 Bc7 58. c6 Kxa2 59. Bc4 Kb2 60. Bd3 Kc3 61. Kf1 a4 62. bxa4 b3 63. cxb3 Kxd3 0-1

[Event "Katernberg 3- Gütersloh"]
[Site "?"]
[Date "2023.10.22"]
[Round "2.3"]
[White "Neumann, Theodor"]
[Black "Gorainow, Nikita"]
[Result "1-0"]
[WhiteElo "1910"]
[BlackElo "2046"]
[PlyCount "71"]
[EventDate "2023.??.??"]

1. e4 c5 2. Nc3 e6 3. f4 a6 4. Nf3 b5 5. d3 Bb7 6. Be2 Be7 7. O-O Nf6 8. Qe1 O-O 9. Qg3 d5 10. e5 Ne8 11. Qh3 Nc6 12. g4 f5 13. gxf5 exf5 14. Nd1 d4 15. Nf2 Nc7 16. a3 Ne6 17. Qg3 Qd7 18. h4 Ncd8 19. Kh2 Rc8 20. h5 c4 21. Qh3 cxd3 22. Bxd3 Nc5 23. Nxd4 Qxd4 24. Bxf5 Rc7 25. Be3 Qc4 26. Rad1 Kh8 27. b3 Qf7 28. Bg6 Qe6 29. Ng4 Ne4 30. c4 bxc4 31. f5 Qc6 32. h6 gxh6 33. f6 Ng5 34. fxe7 Rxe7 35. Rxf8+ Kg7 36. Qxh6# 1-0

[Event "Katernberg 3- Gütersloh"]
[Site "?"]
[Date "2023.10.22"]
[Round "2.4"]
[White "Heldt, Maximilian"]
[Black "Hofmann, Martin"]
[Result "1-0"]
[WhiteElo "2040"]
[BlackElo "1994"]
[PlyCount "49"]
[EventDate "2023.??.??"]

1. e4 c5 2. Nf3 Nc6 3. d4 cxd4 4. Nxd4 Nf6 5. Nc3 e5 6. Ndb5 d6 7. Bg5 a6 8. Bxf6 gxf6 9. Na3 b5 10. Nd5 f5 11. exf5 Bxf5 12. c3 Be6 13. Nc2 Bxd5 14. Qxd5 Ne7 15. Qf3 Bg7 16. a4 Rb8 17. Nb4 Qc8 18. axb5 axb5 19. Ra7 e4 20. Qxe4 O-O 21. Rxe7 Bxc3+ 22. bxc3 Qxc3+ 23. Kd1 Qb3+ 24. Nc2 d5 25. Qf5 1-0

[Event "Katernberg 3- Gütersloh"]
[Site "?"]
[Date "2023.10.22"]
[Round "2.5"]
[White "Wulfhorst, Noah"]
[Black "Gallas, Noel"]
[Result "0-1"]
[WhiteElo "1865"]
[BlackElo "1907"]
[PlyCount "184"]
[EventDate "2023.??.??"]

1. Nf3 Nf6 2. c4 d5 3. e3 c5 4. cxd5 Nxd5 5. b3 Bf5 6. a3 Nc6 7. Bb2 e6 8. Bb5 Qb6 9. Bxc6+ bxc6 10. Ne5 Rb8 11. Nc3 f6 12. Na4 Qb5 13. Nc4 Qxb3 14. Qxb3 Rxb3 15. O-O Bd3 16. Rfc1 Rb5 17. f3 Be7 18. g3 Kf7 19. e4 Nc7 20. Ne3 Rd8 21. Bc3 Rdb8 22. Ra2 Rb1 23. Rxb1 Rxb1+ 24. Kf2 Nb5 25. Nb2 Nxc3 26. dxc3 Ba6 27. c4 Rc1 28. Ke2 Rc3 29. Kd2 Rb3 30. Nd3 h5 31. Kc2 Rb8 32. Kc3 h4 33. gxh4 Rh8 34. Ng2 Bd8 35. f4 Rh5 36. Rf2 Bc7 37. Rf3 Ba5+ 38. Kb3 Bc7 39. h3 Bc8 40. Kc3 Ke7 41. Rg3 Kf7 42. Rf3 Ba5+ 43. Kb3 Bb6 44. Nf2 Rh8 45. Rd3 Rd8 46. Rxd8 Bxd8 47. h5 Kg8 48. Ne1 Kh7 49. Ng4 Bb6 50. Nd3 f5 51. exf5 exf5 52. Nge5 Kh6 53. Nxc6 Kxh5 54. Ne7 Be6 55. Ne5 Kh4 56. Nf3+ Kg3 57. Ng5 Bd7 58. Nd5 Bd8 59. Nf7 Ba5 60. Ne5 Be8 61. Nd3 Bb6 62. Ne7 Bd7 63. Ne5 Be6 64. N5g6 Kxh3 65. Nf8 Bf7 66. Nxf5 Kg4 67. Nxg7 Kxf4 68. Nfe6+ Ke5 69. Ng5 Bg8 70. Ne8 Bd8 71. Nf3+ Ke6 72. Ng7+ Kf6 73. Ne8+ Kf5 74. Nd6+ Kf4 75. Ne1 Bh7 76. Nc2 Bb6 77. Nc8 Ke4 78. Nd6+ Kd3 79. Ne1+ Kd2 80. Nf3+ Kc1 81. Ka4 a6 82. Kb3 Bc2+ 83. Ka2 Ba4 84. Ne5 Kc2 85. Nb7 Bb3+ 86. Ka1 Bc7 87. Nd7 Bxc4 88. Nbxc5 Ba5 89. Ne4 Bd8 90. Ndc5 Bc7 91. Nd7 Bf4 92. Nec5 Be3 0-1

[Event "Katernberg 3- Gütersloh"]
[Site "?"]
[Date "2023.10.22"]
[Round "2.6"]
[White "Geerlings, Gerd"]
[Black "Hanhoerster, Stephan"]
[Result "1/2-1/2"]
[WhiteElo "2308"]
[BlackElo "2093"]
[PlyCount "38"]
[EventDate "2023.??.??"]

1. Nf3 d5 2. g3 g6 3. Bg2 Bg7 4. O-O c5 5. d3 Nc6 6. Nbd2 e5 7. e4 d4 8. a4 Nge7 9. Nc4 O-O 10. Bd2 f6 11. Nh4 g5 12. Nf3 Be6 13. b3 Qd7 14. Ne1 Ng6 15. Bf3 Rad8 16. Bh5 Bh6 17. f3 Qg7 18. Qc1 Kh8 19. Bg4 Bxg4 1/2-1/2

[Event "Katernberg 3- Gütersloh"]
[Site "?"]
[Date "2023.10.22"]
[Round "2.7"]
[White "Grochtmann, Stephan"]
[Black "Sauer, Bernd"]
[Result "1-0"]
[WhiteElo "1939"]
[BlackElo "1873"]
[PlyCount "91"]
[EventDate "2023.??.??"]

1. e4 c6 2. d4 d5 3. e5 Bf5 4. Nc3 e6 5. g4 Bg6 6. Nge2 Bb4 7. a3 Ba5 8. b4 Bc7 9. h4 h6 10. Nf4 Ne7 11. Nxg6 Nxg6 12. h5 Nf8 13. Be3 Nbd7 14. f4 Qe7 15. Qd2 Nb6 16. Bd3 Nfd7 17. f5 O-O-O 18. fxe6 fxe6 19. Bf2 Qf7 20. O-O-O Rdf8 21. Be3 Qe7 22. Ne2 Rf7 23. Nf4 Nf8 24. Bg6 Nc4 25. Qd3 Rxf4 26. Bxf4 a5 27. Bd2 Nxg6 28. hxg6 axb4 29. axb4 Kd7 30. Rdf1 Ra8 31. Qc3 Qxb4 32. Qxb4 Ra1+ 33. Qb1 Rxb1+ 34. Kxb1 Nxd2+ 35. Kc1 Nxf1 36. Rxf1 Bd8 37. Rf7+ Ke8 38. Rxg7 Bg5+ 39. Kb2 b6 40. Rb7 Kf8 41. Rxb6 Be3 42. Rxc6 Bxd4+ 43. c3 Bxe5 44. Rxe6 Bg7 45. Kc2 d4 46. c4 1-0

[Event "Katernberg 3- Gütersloh"]
[Site "?"]
[Date "2023.10.22"]
[Round "2.8"]
[White "Rasch, Lukas"]
[Black "Asani, Baskim"]
[Result "1-0"]
[WhiteElo "1629"]
[BlackElo "1944"]
[PlyCount "73"]
[EventDate "2023.??.??"]

1. e4 c5 2. Nc3 Nc6 3. f4 g6 4. Nf3 Bg7 5. Bb5 Nd4 6. O-O a6 7. Bd3 e6 8. e5 d5 9. Nxd4 cxd4 10. Ne2 Qb6 11. Qe1 Ne7 12. b3 O-O 13. Ba3 Re8 14. Qf2 Nc6 15. Bb2 f6 16. Nxd4 fxe5 17. Nxc6 Qxf2+ 18. Rxf2 bxc6 19. fxe5 a5 20. Kf1 a4 21. b4 a3 22. Bd4 Bd7 23. Re1 Bf8 24. Rb1 Reb8 25. c3 Be7 26. Ke2 Kg7 27. Bc2 Bc8 28. Rbf1 Ba6+ 29. Bd3 Rf8 30. Rxf8 Bxf8 31. Bxa6 Rxa6 32. Rf6 c5 33. Bxc5 Bxc5 34. bxc5 Rc6 35. d4 Ra6 36. Kd3 Kg8 37. Kc2 1-0

[Event "Holsterhausen- Langenfeld"]
[Site "?"]
[Date "2023.10.22"]
[Round "2.1"]
[White "Keller, Karsten"]
[Black "Schwalen, Peter"]
[Result "1-0"]
[WhiteElo "2192"]
[BlackElo "2109"]
[PlyCount "133"]
[EventDate "2023.??.??"]

1. Nf3 Nf6 2. c4 e6 3. Nc3 d5 4. d4 Be7 5. Bf4 c5 6. dxc5 Bxc5 7. e3 O-O 8. Qc2 Nc6 9. a3 Qa5 10. Rd1 Ne4 11. Nd4 Bxd4 12. exd4 Nxc3 13. Qxc3 Qxc3+ 14. bxc3 dxc4 15. Bxc4 Bd7 16. d5 exd5 17. Bxd5 Rfe8+ 18. Be3 Bg4 19. Rb1 Rad8 20. c4 Na5 21. O-O b6 22. Rbc1 Be6 23. Bxe6 Rxe6 24. c5 Nb3 25. Rcd1 Rxd1 26. Rxd1 Kf8 27. cxb6 axb6 28. Rb1 Na5 29. Rxb6 Re8 30. g3 Ra8 31. Rb1 f6 32. Kf1 Kf7 33. a4 Nc4 34. Ra1 Ra5 35. Ra2 Ke6 36. Ke2 Kd5 37. Kf3 h5 38. h4 Ke6 39. Ke2 Kd5 40. Kf3 g6 41. Ke2 Ke4 42. f3+ Kd5 43. Bd2 Nxd2 44. Rxd2+ Ke5 45. Ra2 Kd4 46. Ra3 Re5+ 47. Kd2 Ra5 48. Rd3+ Kc5 49. Ra3 Kd4 50. Re3 Kd5 51. Re4 g5 52. Rb4 Ke6 53. Kc3 Rf5 54. f4 gxh4 55. gxh4 Ra5 56. Kd4 Kf7 57. Kc4 Kg6 58. Kb3 Rd5 59. Rb5 Rd4 60. a5 Rxf4 61. a6 Rf1 62. Ra5 Rb1+ 63. Kc4 Rb8 64. a7 Ra8 65. Kb4 Rxa7 66. Rxa7 Kf5 67. Kc5 1-0

[Event "Holsterhausen- Langenfeld"]
[Site "?"]
[Date "2023.10.22"]
[Round "2.2"]
[White "Walbaum, Klaus"]
[Black "Reinemer, Frank"]
[Result "1/2-1/2"]
[WhiteElo "2105"]
[BlackElo "2081"]
[PlyCount "42"]
[EventDate "2023.??.??"]

1. d4 f5 2. g3 Nf6 3. Bg2 g6 4. Nh3 Bg7 5. Nf4 d6 6. d5 O-O 7. h4 Bh8 8. Nc3 Na6 9. e4 fxe4 10. Nxe4 Nxe4 11. Bxe4 Nc5 12. Bg2 e5 13. dxe6 c6 14. O-O Nxe6 15. c3 d5 16. Nxe6 Bxe6 17. Be3 Qd7 18. Bd4 a6 19. Bxh8 Kxh8 20. Qd4+ Qg7 21. Qxg7+ Kxg7 1/2-1/2

[Event "Holsterhausen- Langenfeld"]
[Site "?"]
[Date "2023.10.22"]
[Round "2.3"]
[White "Reuter, Michael"]
[Black "Viebahn, Dirk"]
[Result "1/2-1/2"]
[WhiteElo "2060"]
[BlackElo "2152"]
[PlyCount "63"]
[EventDate "2023.??.??"]

1. d4 Nf6 2. Nf3 g6 3. Nc3 d5 4. Bf4 Bg7 5. e3 O-O 6. Be2 c5 7. dxc5 Nbd7 8. Nb5 a6 9. Bc7 Qe8 10. Nc3 Nxc5 11. O-O Na4 12. Nxa4 Qxa4 13. c3 Qc6 14. Be5 Qb6 15. Qb3 Qxb3 16. axb3 Bg4 17. Rfd1 e6 18. Rd4 Bxf3 19. Bxf3 Nd7 20. Bxg7 Kxg7 21. b4 Ne5 22. Be2 Rfc8 23. Kf1 Nc6 24. Rdd1 a5 25. bxa5 Nxa5 26. Ra3 b6 27. Bb5 Rab8 28. Rd4 Rc5 29. Ba6 Rc7 30. Bb5 Rc5 31. Ba6 Rc7 32. Bb5 1/2-1/2

[Event "Holsterhausen- Langenfeld"]
[Site "?"]
[Date "2023.10.22"]
[Round "2.4"]
[White "Sicars, Thorsten"]
[Black "Pejkovic, Patrick"]
[Result "1-0"]
[WhiteElo "2014"]
[BlackElo "2115"]
[PlyCount "97"]
[EventDate "2023.??.??"]

1. c4 e5 2. Nc3 Nc6 3. Nf3 f5 4. e3 Nf6 5. d4 d6 6. Be2 Be7 7. O-O O-O 8. d5 Nb8 9. Qc2 Qe8 10. Rb1 Ne4 11. b4 Nd7 12. Nxe4 fxe4 13. Qxe4 Nf6 14. Qc2 Bd7 15. Nd2 e4 16. f3 Qg6 17. Nxe4 Nxe4 18. fxe4 Rxf1+ 19. Bxf1 Rf8 20. Bd2 Bh4 21. Be1 Bf6 22. Bg3 h5 23. Bd3 Qe8 24. h3 h4 25. Bh2 Qh5 26. Qe2 Qh6 27. Rf1 Re8 28. Qf3 Qg6 29. Kh1 Be5 30. Bxe5 Rxe5 31. Qf8+ Kh7 32. Rf7 Qg3 33. Rf3 Qe1+ 34. Kh2 Be8 35. Qf4 g5 36. Qg4 Bg6 37. Rf8 Qg3+ 38. Qxg3 hxg3+ 39. Kxg3 Bxe4 40. Bxe4+ Rxe4 41. Rf7+ Kg6 42. Rxc7 Rxe3+ 43. Kf2 Ra3 44. Rxb7 Kf5 45. c5 Ke5 46. cxd6 Kxd6 47. Rg7 Kxd5 48. Rxg5+ Ke4 49. Ra5 1-0

[Event "Holsterhausen- Langenfeld"]
[Site "?"]
[Date "2023.10.22"]
[Round "2.5"]
[White "Brochhagen, Thomas"]
[Black "Kortenbusch, Christoph"]
[Result "1/2-1/2"]
[WhiteElo "1992"]
[BlackElo "2071"]
[PlyCount "56"]
[EventDate "2023.??.??"]

1. d4 Nf6 2. Nf3 c5 3. e3 e6 4. Bd3 Nc6 5. c3 d5 6. Nbd2 Bd6 7. O-O O-O 8. dxc5 Bxc5 9. e4 e5 10. b4 Bb6 11. b5 Na5 12. Qe2 Bg4 13. Ba3 Re8 14. h3 Nh5 15. hxg4 Nf4 16. Qd1 Nxd3 17. Qc2 Nf4 18. exd5 Qxd5 19. c4 Qe6 20. Ng5 Ne2+ 21. Kh2 Qh6+ 22. Nh3 Rac8 23. Bb4 Nd4 24. Qd3 Red8 25. Be7 Qxd2 26. Qxd2 Nf3+ 27. gxf3 Rxd2 28. Bb4 Rc2 1/2-1/2

[Event "Holsterhausen- Langenfeld"]
[Site "?"]
[Date "2023.10.22"]
[Round "2.6"]
[White "Bobzin, Pierre"]
[Black "Hendrichs, Udo"]
[Result "1/2-1/2"]
[WhiteElo "2090"]
[BlackElo "1958"]
[PlyCount "40"]
[EventDate "2023.??.??"]

1. Nf3 e6 2. g3 d5 3. Bg2 f5 4. O-O Nf6 5. d3 Bd6 6. Nbd2 O-O 7. c4 Nbd7 8. a3 c6 9. b4 Qe8 10. Bb2 Qh5 11. Re1 f4 12. e4 fxg3 13. fxg3 Ng4 14. h3 Nge5 15. Nxe5 Qxd1 16. Raxd1 Nxe5 17. Bxe5 Bxe5 18. exd5 Bxg3 19. Rf1 cxd5 20. cxd5 e5 1/2-1/2

[Event "Holsterhausen- Langenfeld"]
[Site "?"]
[Date "2023.10.22"]
[Round "2.7"]
[White "Bosbach, Jens"]
[Black "Lindenmaier, Reinhard"]
[Result "1/2-1/2"]
[WhiteElo "1979"]
[BlackElo "2051"]
[PlyCount "20"]
[EventDate "2023.??.??"]

1. d4 d6 2. c4 e5 3. dxe5 dxe5 4. Qxd8+ Kxd8 5. Nc3 Be6 6. e4 c6 7. Be3 Nd7 8. Nf3 f6 9. Nd2 Nh6 10. f3 Bc5 1/2-1/2

[Event "Raesfeld- Bochum 2"]
[Site "?"]
[Date "2023.10.22"]
[Round "2.1"]
[White "Kraemer, Matthias"]
[Black "Wilger, Frank"]
[Result "1-0"]
[WhiteElo "2248"]
[BlackElo "2117"]
[PlyCount "81"]
[EventDate "2023.??.??"]

1. e4 c5 2. Nf3 e6 3. d4 cxd4 4. Nxd4 Nc6 5. Nc3 Qc7 6. Be3 a6 7. Qf3 Nf6 8. O-O-O Be7 9. Be2 Nxd4 10. Bxd4 e5 11. Qg3 d6 12. Qxg7 Rf8 13. Be3 Be6 14. Nd5 Nxd5 15. exd5 Bf5 16. Bd3 Bg6 17. f4 e4 18. Be2 Rc8 19. Rd2 f6 20. Bg4 Rf7 21. Qh8+ Rf8 22. Qg7 Rf7 23. Qg8+ Rf8 24. Qe6 Rd8 25. f5 Qa5 26. a3 Bf7 27. Qxe4 b5 28. Re1 Rd7 29. Bd4 Kd8 30. Qe3 Rb7 31. Bc3 Qc7 32. Qd4 Kc8 33. Bf3 Qd7 34. Re6 Rg8 35. Rde2 Bxe6 36. dxe6 Qc7 37. Bxb7+ Qxb7 38. Ba5 Rxg2 39. Qc3+ Kb8 40. Qc7+ Qxc7 41. Bxc7+ 1-0

[Event "Raesfeld- Bochum 2"]
[Site "?"]
[Date "2023.10.22"]
[Round "2.2"]
[White "Buendgen, Achim"]
[Black "Heinbuch, Detlef"]
[Result "1/2-1/2"]
[WhiteElo "2097"]
[BlackElo "2250"]
[PlyCount "93"]
[EventDate "2023.??.??"]

1. e4 c5 2. b3 b6 3. Bb2 Bb7 4. Nc3 Nc6 5. Nf3 e6 6. d4 cxd4 7. Nxd4 Nf6 8. Nxc6 Bxc6 9. e5 Nd5 10. Nxd5 Bxd5 11. Qg4 h5 12. Qg3 h4 13. Qg4 h3 14. O-O-O Qh4 15. Qxh4 Rxh4 16. g3 Bxh1 17. gxh4 Bc6 18. Bxh3 Bc5 19. Bd4 Ke7 20. Bxc5+ bxc5 21. Rg1 Rh8 22. Rxg7 Rxh4 23. Rg3 Rf4 24. Rc3 d6 25. exd6+ Kxd6 26. Rd3+ Ke7 27. Rd2 Rh4 28. Rd3 Rf4 29. Rd2 Rh4 30. Rd3 Rf4 31. Rd2 c4 32. bxc4 Rxc4 33. Bf1 Rh4 34. h3 Bd5 35. a3 a5 36. c3 f5 37. Rd4 Rh8 38. f4 Bc6 39. a4 Rg8 40. Bb5 Be4 41. Bd3 Rg1+ 42. Kd2 Rg2+ 43. Ke3 Rg3+ 44. Kd2 Rg2+ 45. Ke3 Rg3+ 46. Kd2 Rg2+ 47. Ke3 1/2-1/2

[Event "Raesfeld- Bochum 2"]
[Site "?"]
[Date "2023.10.22"]
[Round "2.3"]
[White "Wolter, Detlef"]
[Black "Gesing, Felix"]
[Result "1-0"]
[WhiteElo "2193"]
[BlackElo "2080"]
[PlyCount "99"]
[EventDate "2023.??.??"]

1. d4 Nf6 2. Nf3 c5 3. d5 e6 4. Nc3 d6 5. e4 e5 6. Bb5+ Nbd7 7. a4 Be7 8. O-O O-O 9. Re1 h6 10. a5 Nh7 11. a6 bxa6 12. Bxa6 Qb6 13. Bb5 Nb8 14. Nd2 Bd7 15. Nc4 Qc7 16. f4 Bxb5 17. Nxb5 Qd7 18. Nc3 exf4 19. Bxf4 Qd8 20. Nb5 Nd7 21. Nxa7 Ne5 22. Bxe5 dxe5 23. Nc6 Qc7 24. N6xe5 Rxa1 25. Qxa1 Bh4 26. Re2 Bf6 27. Nc6 Qf4 28. Qf1 Qg4 29. Qf3 Qh5 30. e5 Bd8 31. d6 Qh4 32. Qe4 Qh5 33. Qf3 Qh4 34. Ne3 Ng5 35. Qg4 Ne6 36. Qxh4 Bxh4 37. g3 Bg5 38. h4 Bxe3+ 39. Rxe3 Ra8 40. Ra3 Rf8 41. Rd3 Kh7 42. d7 Nd8 43. Rd6 g6 44. Kf2 Kg7 45. Ke3 g5 46. h5 Nxc6 47. Rxc6 Rd8 48. Rd6 Kf8 49. Ke4 Ke7 50. Kd5 1-0

[Event "Raesfeld- Bochum 2"]
[Site "?"]
[Date "2023.10.22"]
[Round "2.4"]
[White "Broemmel, Rudolf"]
[Black "Pewny, Uwe"]
[Result "1/2-1/2"]
[WhiteElo "1981"]
[BlackElo "2226"]
[PlyCount "127"]
[EventDate "2023.??.??"]

1. Nc3 c5 2. d4 cxd4 3. Qxd4 Nc6 4. Qh4 d5 5. e4 dxe4 6. Nxe4 Bf5 7. Nf3 Nf6 8. Bd3 Qd5 9. Nxf6+ gxf6 10. Bxf5 Qxf5 11. O-O Rg8 12. Qf4 Qd7 13. g3 O-O-O 14. c3 Rg4 15. Qe3 Qd5 16. Re1 f5 17. Qe2 Re4 18. Be3 Bh6 19. Rad1 Qxa2 20. Qb5 Rxd1 21. Rxd1 Bxe3 22. Qxf5+ Qe6 23. Qxe6+ Rxe6 24. fxe3 Rxe3 25. Kf2 Re6 26. Rd5 h6 27. b4 Rd6 28. Rf5 Nd8 29. Nd4 Kd7 30. Ke3 Nc6 31. Nf3 Ke8 32. Rb5 b6 33. Rh5 Kf8 34. b5 Na5 35. Nd4 Rg6 36. Rd5 Nc4+ 37. Kd3 Nd6 38. Nc6 Nxb5 39. Rd8+ Kg7 40. Nxe7 Rd6+ 41. Rxd6 Nxd6 42. Kd4 Kf6 43. Nd5+ Kf5 44. Ne3+ Ke6 45. Nd5 Nb5+ 46. Kc4 Na3+ 47. Kd4 Nc2+ 48. Kc4 Kd6 49. Nf6 Ne3+ 50. Kb5 Nf1 51. Ng4 h5 52. Nf6 Nxh2 53. Nxh5 Nf1 54. Ka6 Kc5 55. Kxa7 b5 56. g4 Ne3 57. Nf6 Kc4 58. Kb6 Nd1 59. Ne4 Nxc3 60. Nxc3 Kxc3 61. Kxb5 Kd4 62. Kc6 Ke5 63. Kd7 Kf4 64. Ke7 1/2-1/2

[Event "Raesfeld- Bochum 2"]
[Site "?"]
[Date "2023.10.22"]
[Round "2.5"]
[White "Schaefers, Andreas"]
[Black "Beckmann, Klaus"]
[Result "0-1"]
[WhiteElo "2010"]
[BlackElo "2092"]
[PlyCount "84"]
[EventDate "2023.??.??"]

1. Nf3 Nf6 2. c4 e6 3. b3 d5 4. e3 c5 5. cxd5 exd5 6. d4 Nc6 7. Be2 Bg4 8. O-O Bd6 9. Bb2 O-O 10. dxc5 Bxc5 11. Nc3 a6 12. Rc1 Ba7 13. Nd4 Bxd4 14. Bxg4 Be5 15. Bf5 d4 16. exd4 Bxd4 17. Qf3 Qa5 18. Rfd1 Rad8 19. Bb1 Rfe8 20. h3 Rd7 21. Na4 Bxb2 22. Nxb2 Nd4 23. Rxd4 Rxd4 24. Nd3 Qd5 25. Qxd5 Nxd5 26. Kf1 g6 27. g3 Kg7 28. a3 Re7 29. Rc8 Rc7 30. Rxc7 Nxc7 31. Ke2 Ne6 32. Ke3 Rd8 33. b4 Kf6 34. Ba2 Rc8 35. Bd5 Rc7 36. a4 b6 37. f4 h5 38. Be4 Rc3 39. Bb7 a5 40. Kd2 Ra3 41. bxa5 bxa5 42. Bc6 Nd4 0-1

[Event "Raesfeld- Bochum 2"]
[Site "?"]
[Date "2023.10.22"]
[Round "2.6"]
[White "Martin, Bergemann"]
[Black "Goralski, Christian"]
[Result "0-1"]
[WhiteElo "1922"]
[BlackElo "2101"]
[PlyCount "106"]
[EventDate "2023.??.??"]

1. d4 d5 2. Bg5 f6 3. Bf4 Nc6 4. Nf3 g5 5. Bc1 g4 6. Nh4 e5 7. e3 Be6 8. g3 Qd7 9. c3 O-O-O 10. Qa4 Kb8 11. Bd2 Nge7 12. Na3 Bh6 13. O-O-O Bg5 14. Kb1 h5 15. Ng2 Bf5+ 16. Kc1 Be4 17. Rg1 Qf5 18. Bb5 a6 19. Bxc6 Nxc6 20. Be1 Bf3 21. Rd2 Rd6 22. b4 Qe4 23. dxe5 Nxe5 24. Rd4 Qh7 25. Nf4 Be4 26. Bd2 Bxf4 27. exf4 Nd3+ 28. Rxd3 Bxd3 29. Re1 Be4 30. Be3 Qd7 31. Qb3 h4 32. Bc5 Re6 33. b5 axb5 34. Nxb5 Bc2 35. Kxc2 Rxe1 36. Qa4 Qe8 37. Qa7+ Kc8 38. Nd4 Qe4+ 39. Kb3 Rb1+ 40. Ka3 Re8 41. Qa8+ Kd7 42. Qa4+ c6 43. Bb4 Qe1 44. Qa7 Rxb4 45. Kxb4 Qb1+ 46. Nb3 Kc7 47. Qa5+ Kb8 48. Qc5 Qxa2 49. Qd6+ Ka8 50. Qxf6 Re4+ 51. Nd4 Qc4+ 52. Ka3 Qxc3+ 53. Nb3 Qxf6 0-1